| 000 | 00665nam a2200193Ia 4500 | ||
|---|---|---|---|
| 003 | GCL | ||
| 008 | 140319s9999 xx 000 0 ara d | ||
| 040 |
_aGCL / _cGCL |
||
| 082 | 0 | 4 |
_a214 _bم ث |
| 100 | 1 | _aمحمد المبارك | |
| 245 | 1 | 0 |
_aالثقافة الاسلامية / _cمحمد المبارك |
| 260 |
_aالرياض : _bجامعة الملك عبدالعزيز ، _c1997 |
||
| 300 |
_a2 مج ؛ _c24 سم |
||
| 650 | 0 | 4 | _aالثقافة الاسلامية |
| 650 | 0 | 4 | _aالاسلام والاقتصاد |
| 650 | 0 | 4 | _aالتعليم الجامعى - السعودية |
| 650 | 0 | 4 | _aالاسلام - النظام السياسى |
| 942 |
_2ddc _cBK |
||
| 999 |
_c6914 _d6914 |
||